Statistics for Top Grossing G-rated Movies of All Time

Click here to take the quiz!

General Stats

  • This quiz has been taken 365 times
  • The average score is 15 of 20

Answer Stats

HintAnswer% Correct
Locating the clownfishFinding Nemo
98%
AutomobilesCars
97%
Corporation for scary creaturesMonsters, Inc.
93%
Jafar's nemesisAladdin
91%
An Insect's ExsistenceA Bug's Life
89%
Automobiles are backCars 2
89%
The original "plaything tale"Toy Story
88%
Jane's mateTarzan
86%
Junkyard robotWALL-E
85%
Second "plaything tale"Toy Story 2
84%
Rodent ChefRatatouille
83%
Most recent "plaything tale"Toy Story 3
83%
School for scary creaturesMonsters University
81%
Big Cat MonarchThe Lion King
81%
The Stunner and the MonstrosityBeauty and the Beast
71%
Departed with the BreezeGone With the Wind
63%
The Noise of a MelodyThe Sound of Music
62%
Bleached Blizzard & FriendsSnow White and the Seven Dwarfs
31%
Pachyderm listens to the one in questionDr. Seuss' Horton Hears a Who
24%
Arctic Non-stopPolar Express
23%

Score Distribution

Percentile by Number Answered

Percent of People with Each Score

Your Score History

You have not taken this quiz